LEADER 00718nam0-2200229 --450 001 9910312058103321 005 20190313104616.0 100 $a20190313d1963----kmuy0itay5050 ba 101 0 $aeng 102 $aUS 105 $a 001yy 200 1 $aField-coupled surface waves$ea comparative study of surface-coupled electrohydrodynamic and magnetohydrodynamic systems$fJames R. Melcher 210 $aCambridge$cM.I.T. press$d1963 215 $aXIV, 190 p.$d24 cm. 700 1$aMelcher,$bJames R.$026926 801 0$aIT$bUNINA$gREICAT$2UNIMARC 901 $aBK 912 $a9910312058103321 952 $a15 ID B/5-11$bs.i.$fDINID 959 $aDINID 996 $aField-coupled surface waves$91546236 997 $aUNINA